Patología médica oftalmológica (Record no. 171945)
[ view plain ]
| 000 -LEADER | |
|---|---|
| campo de control de longitud fija | 00672nam a22001815i 4500 |
| 001 - NÚMERO DE CONTROL | |
| campo de control | 171945 |
| 003 - IDENTIFICADOR DE NÚMERO DE CONTROL | |
| campo de control | ES-MaACL |
| 005 - FECHA Y HORA DE LA ÚLTIMA TRANSACCIÓN | |
| campo de control | 20230906214756.0 |
| 008 - DATOS DE LONGITUD FIJA--INFORMACIÓN GENERAL | |
| campo de control de longitud fija | 090609s1962 sp |||| | spa d |
| 080 ## - NÚMERO DE LA CLASIFICACIÓN DECIMAL UNIVERSAL | |
| Número de la Clasificación Decimal Universal | 617.7(02) |
| 100 1# - ENTRADA PRINCIPAL--NOMBRE DE PERSONA | |
| Nombre de persona | Sorsby, Arnold. |
| 9 (RLIN) | 140562 |
| 245 10 - MENCIÓN DEL TÍTULO | |
| Título | Patología médica oftalmológica |
| Resto del título | : (oftalmología sistemática) / |
| Mención de responsabilidad, etc. | editada bajo la dirección de Arnold Sorsby ; versión del Dr. J. M. Deó Ridruejo. |
| 260 ## - PUBLICACIÓN, DISTRIBUCIÓN, ETC. | |
| Lugar de publicación, distribución, etc. | Barcelona : |
| Nombre del editor, distribuidor, etc. | Toray, |
| Fecha de publicación, distribución, etc. | 1962. |
| 300 ## - DESCRIPCIÓN FÍSICA | |
| Extensión | XVI, 729 p., 10 h. de lám., 13 h. de lám. en col. : |
| Otras características físicas | il. ; |
| Dimensiones | 25 cm. |
| 650 04 - PUNTO DE ACCESO ADICIONAL DE MATERIA--TÉRMINO DE MATERIA | |
| Término de materia o nombre geográfico como elemento de entrada | Oftalmología. |
| 9 (RLIN) | 15693 |
| 700 1# - ENTRADA AGREGADA--NOMBRE PERSONAL | |
| Nombre de persona | Deo Ridruejo, J. M. |
| 9 (RLIN) | 43744 |
| 852 ## - LOCALIZACIÓN | |
| Ubicación | ES-MaACL |
| Número de control de estantería | C-21162 |
| itemnumber | R.49659 |
| Estatus retirado | Estado de pérdida | Estado de daño | No para préstamo | Biblioteca de origen | Biblioteca actual | Ubicación en estantería | Fecha de adquisición | Fuente de adquisición | Total de préstamos | Signatura topográfica completa | Código de barras | Visto por última vez | Precio de reemplazo | Tipo de ítem Koha |
|---|---|---|---|---|---|---|---|---|---|---|---|---|---|---|
| Biblioteca del Ateneo de Madrid | Biblioteca del Ateneo de Madrid | Galería | 09/06/2009 | C-21162 | 1180450 | 23/02/2023 | 23/02/2023 | Libro impreso |
